| 000 | 02137nam a2200409 i 4500 | ||
|---|---|---|---|
| 001 | 5215765 | ||
| 003 | CZ PrSKC | ||
| 005 | 20260416092631.0 | ||
| 007 | ta | ||
| 008 | 260310s2026 xr a j 6 000 1 cze | ||
| 020 | _a9788090953161 | ||
| 040 |
_aABG001 _bcze _erda |
||
| 041 | 1 |
_acze _heng |
|
| 072 | 7 |
_a741.52 _xKomiksy. Komiksové adaptace _2Konspekt |
|
| 072 | 7 |
_a821-93 _xLiteratura pro děti a mládež (beletrie) _2Konspekt |
|
| 080 |
_a741.52(0:82-321.5) _2MRF |
||
| 080 |
_a821-93 _2MRF |
||
| 100 | 1 |
_aRenner, Benjamin, _d1983- _4aut _4ill _920649 |
|
| 240 | 1 | 0 |
_aGrand méchant renard. _lČesky |
| 245 | 1 | 0 |
_aVelký zlý lišák / _cBenjamin Renner ; překlad Alena Jurionová |
| 250 | _aVydání první | ||
| 264 | 1 |
_aPraha : _bCentrala, _c2026 |
|
| 300 |
_a192 nečíslovaných stran : _bbarevné ilustrace ; _c23 cm |
||
| 490 | 1 | _aLáska | |
| 500 | _aPřeloženo z francouzštiny | ||
| 520 | 2 |
_aVtipný i dojemný komiks vypráví o smolařském lišákovi, který se marně snaží být obávaným predátorem, až se nakonec neplánovaně stane milující „maminkou“ tří vylíhnutých kuřat. _bVelký zlý lišák není ani velký ani zlý a má navíc neuvěřitelnou smůlu. Každý jeho pokus chovat se jako krutá šelma končí nějakou nehodou nebo neúspěchem, takže je pro smích celému okolí - především slepicím. Naštěstí je tu jeho samozvaný mentor vlk. Frustrovaný a hladový lišák, přežívající jen na tuřínové dietě, se nechá přemluvit ke geniálnímu plánu, jak slepice přelstít - ukrást jim vejce, vysedět je a vykrmená kuřátka si dát k obědu. Jenže to, co v teorii zní jednoduše, se v praxi ukáže jako velká komplikace a vtipné dobrodružství! Nakladatelská anotace. Kráceno. |
|
| 655 | 7 |
_ahumoristické komiksy _99241 |
|
| 655 | 7 | _apublikace pro děti | |
| 655 | 9 |
_ahumorous comics _99243 |
|
| 655 | 9 | _achildren's literature | |
| 655 | 7 | _apublikace pro mládež | |
| 655 | 9 | _ajuvenile literature | |
| 700 | 1 |
_aJurionová, Alena _4trl _920650 |
|
| 710 | 2 |
_aNakladatelství Centrala _4pbl _920651 |
|
| 910 | _aABG508 | ||
| 999 |
_c34175 _d34175 |
||